|
|
|
|
| LEADER |
00704cam a2200217 7i4500 |
| 001 |
0000016386 |
| 005 |
20151104090000.0 |
| 005 |
##20151104120100.0 |
| 003 |
##MY-KlINT |
| 020 |
# |
# |
|a 9781137278487
|
| 039 |
# |
9 |
|y 201511041201
|z VLOAD
|
| 090 |
0 |
0 |
|a 332.6
|b POR
|
| 100 |
1 |
# |
|a Portnoy, Brian
|
| 245 |
1 |
4 |
|a THE INVESTOR'S PARADOX :
|b THE POWER OF SIMPLICITY IN A WORLD OF OVERWHELMING CHOICE /
|c BRIAN PORTNOY.
|
| 260 |
# |
# |
|a New York:
|b Palgrave Macmillan,
|c 2014.
|
| 300 |
# |
# |
|a xiii, 239p:
|b ill;
|c 24cm.
|
| 500 |
# |
# |
|a Includes bibliographical references and index
|
| 650 |
# |
0 |
|a Investments
|
| 650 |
# |
0 |
|a Portfolio management
|
| 650 |
# |
0 |
|a Investment analysis
|
| 999 |
|
|
|a 1501070030
|b BOOK
|c Main Non-Fiction
|e INTAN BK
|